| 000 | 01390cam a2200349 a 4500 | ||
|---|---|---|---|
| 001 | EDZ0000064059 | ||
| 003 | StDuBDS | ||
| 005 | 20161031105120.0 | ||
| 006 | m||||||||d|||||||| | ||
| 007 | cr ||||||||||| | ||
| 008 | 120327s2001 enk fo| 001|0|eng d | ||
| 020 |
_a9781446217771 (ebook) : _cNo price |
||
| 040 |
_aStDuBDS _beng _cStDuBDS _epn |
||
| 049 | _aAlfaisal Main Library | ||
| 050 | 0 |
_aBF561 _b.W56 2001 |
|
| 082 | 0 | 4 |
_a302 _223 |
| 100 | 1 |
_aWilliams, Simon J. _q(Simon Johnson), _d1961- |
|
| 245 | 1 | 0 |
_aEmotion and social theory _h[electronic resource] : _bcorporeal reflections on the (ir)rational / _cSimon J. Williams. |
| 260 |
_aLondon : _bSAGE, _c2001. |
||
| 300 | _a1 online resource ([vii], 168 p.) | ||
| 504 | _aIncludes bibliographical references and index. | ||
| 520 | 8 | _aThis critical account of the resurgence of emotions in social theory draws on a wide range of sources, both classical and contemporary to examine this once marginalised topic. | |
| 521 | _aSpecialized. | ||
| 588 | _aDescription based on print version record. | ||
| 650 | 0 |
_aEmotions _xSociological aspects. |
|
| 650 | 0 | _aSocial interaction. | |
| 655 | 7 |
_aElectronic books. _2local |
|
| 710 | 2 | _aSage eBooks | |
| 776 | 0 | 8 |
_iPrint version : _z9780761956297 |
| 856 | 4 | 0 | _uhttp://ezproxy.alfaisal.edu/login?url=http://sk.sagepub.com/books/emotion-and-social-theory |
| 942 |
_2lcc _cEBOOKS |
||
| 999 |
_c479620 _d479620 |
||